[Event "12th EUR-ch"]
[Site "Aix-les-Bains FRA"]
[Date "2011.03.31"]
[Round "9.58"]
[White "Stevic, Hrvoje"]
[Black "Telljohann, Sven"]
[Result "1-0"]
[WhiteElo "2611"]
[BlackElo "2415"]
[EventDate "2011.03.22"]
[PlyCount "85"]

1.e4 d5 2.exd5 Qxd5 3.Nf3 Bg4 4.Be2 c6 5.h3 Bxf3 6.Bxf3 Qd6 7.O-O Nf6 8.d4
e6 9.c4 Be7 10.Nc3 O-O 11.Be3 Nbd7 12.a3 a6 13.Re1 Rfe8 14.g3 Qc7 15.Rc1 
Rad8 16.Qa4 h6 17.b4 Bd6 18.Bg2 Qb8 19.Qb3 e5 20.d5 c5 21.Rb1 Rc8 22.b5 
Qc7 23.bxa6 bxa6 24.Qa4 Nb8 25.Rb3 Nfd7 26.Reb1 f5 27.Bd2 Qd8 28.Ne2 g5 
29.Rb7 Re7 30.g4 fxg4 31.Ng3 gxh3 32.Bxh3 g4 33.Bxg4 e4 34.Nf5 e3 35.Nxe7+
Qxe7 36.Be6+ Kf8 37.Bxe3 Qg7+ 38.Kf1 Qh7 39.Ke2 Rd8 40.Rh1 h5 41.Rg1 h4 
42.Rg8+ Ke7 43.Bg5# 1-0

[Event "12th EUR-ch"]
[Site "Aix-les-Bains FRA"]
[Date "2011.03.31"]
[Round "9.61"]
[White "Bukavshin, Ivan"]
[Black "Kurnosov, Igor"]
[Result "1/2-1/2"]
[WhiteElo "2501"]
[BlackElo "2653"]
[EventDate "2011.03.22"]
[PlyCount "55"]

1.d4 Nf6 2.c4 g6 3.Nc3 d5 4.Nf3 Bg7 5.Qb3 dxc4 6.Qxc4 O-O 7.e4 Bg4 8.Be3 
Nfd7 9.Rd1 Nb6 10.Qb3 e6 11.Bb5 Nc6 12.Bxc6 bxc6 13.Ne2 Qe7 14.Bg5 f6 15.
Bd2 c5 16.dxc5 Nd7 17.c6 Rfb8 18.Qe3 Bxf3 19.cxd7 Bxe2 20.Qxe2 Qxd7 21.b3 
Qb5 22.Rc1 c5 23.Qc4 f5 24.O-O Qxc4 25.Rxc4 Bd4 26.exf5 gxf5 27.b4 Rd8 28.
bxc5 1/2-1/2

[Event "12th EUR-ch"]
[Site "Aix-les-Bains FRA"]
[Date "2011.03.31"]
[Round "9.62"]
[White "Bagirov, Rufat"]
[Black "Andriasian, Zaven"]
[Result "0-1"]
[WhiteElo "2476"]
[BlackElo "2645"]
[EventDate "2011.03.22"]
[PlyCount "64"]

1.d4 d5 2.Bg5 f6 3.Bh4 Nh6 4.f3 c5 5.dxc5 e5 6.Bf2 Be6 7.c3 a5 8.e4 dxe4 
9.Qa4+ Nc6 10.Qxe4 f5 11.Qd3 Qc8 12.Nd2 Be7 13.Qe3 a4 14.Bb5 Ra5 15.c4 O-O
16.Ne2 Na7 17.Nc3 f4 18.Qxe5 Bf6 19.Qe2 a3 20.Nde4 axb2 21.Qxb2 Nxb5 22.
cxb5 Bc4 23.Qb4 Bxc3+ 24.Qxc3 Ra4 25.O-O-O Bxa2 26.Nd6 Qa8 27.Rhe1 Nf5 28.
Re4 Ra3 29.Qe5 Bb3 30.Kb2 Nxd6 31.Rxd6 Ra2+ 32.Kc3 Qa5+ 0-1

[Event "12th EUR-ch"]
[Site "Aix-les-Bains FRA"]
[Date "2011.03.31"]
[Round "9.63"]
[White "Levin, Evgeny"]
[Black "Sokolov, Ivan"]
[Result "0-1"]
[WhiteElo "2472"]
[BlackElo "2643"]
[EventDate "2011.03.22"]
[PlyCount "64"]

1.d4 Nf6 2.c4 b6 3.f3 Nc6 4.Nc3 e5 5.d5 Ne7 6.e4 Ng6 7.Be3 Bc5 8.Qd2 d6 9.
O-O-O h6 10.h4 a6 11.Nge2 Nd7 12.g3 Bxe3 13.Qxe3 b5 14.Kb1 bxc4 15.Nc1 Nb6
16.f4 exf4 17.gxf4 Nxh4 18.Qf2 Ng6 19.Bh3 Qf6 20.Rdf1 Bxh3 21.Rxh3 Rb8 22.
N1e2 Nxd5 23.Rg3 Nxc3+ 24.Nxc3 c6 25.Ka1 O-O 26.Qh2 Kh7 27.Rg5 Qd4 28.Rh5 
Rb7 29.Rh1 Rfb8 30.f5 Rxb2 31.fxg6+ Kg8 32.Qf4 Rb1+ 0-1

[Event "12th EUR-ch"]
[Site "Aix-les-Bains FRA"]
[Date "2011.03.31"]
[Round "9.64"]
[White "Michalik, Peter"]
[Black "Zakhartsov, Viacheslav"]
[Result "1-0"]
[WhiteElo "2471"]
[BlackElo "2608"]
[EventDate "2011.03.22"]
[PlyCount "99"]

1.d4 Nf6 2.c4 e6 3.g3 d5 4.Bg2 dxc4 5.Nf3 Nc6 6.Qa4 Bb4+ 7.Bd2 Bd6 8.Na3 
Rb8 9.Nxc4 b5 10.Nxd6+ cxd6 11.Qc2 Bb7 12.O-O Ne7 13.Rfc1 Rc8 14.Qd3 Qd7 
15.Qa3 O-O 16.Qxa7 Rxc1+ 17.Rxc1 Ra8 18.Ne5 Rxa7 19.Nxd7 Bxg2 20.Nxf6+ 
gxf6 21.Kxg2 Rxa2 22.Bh6 Ra8 23.e4 Rc8 24.Ra1 f5 25.Bg5 Kf8 26.Bxe7+ Kxe7 
27.exf5 exf5 28.Ra5 Rb8 29.Kf3 Ke6 30.Ke3 Rb7 31.Ra8 Kd5 32.Kd3 f4 33.g4 
f6 34.Rh8 Re7 35.Rb8 Kc6 36.Rf8 Rg7 37.h3 Rg6 38.Ke4 Rh6 39.Rc8+ Kb6 40.
Rc3 b4 41.Rd3 Kc6 42.d5+ Kc5 43.Kxf4 Rg6 44.h4 Kc4 45.Rd2 Kb3 46.Kf5 Ka2 
47.f4 Rg8 48.Ke6 Rxg4 49.Kxd6 Rxf4 50.Kc5 1-0

[Event "12th EUR-ch"]
[Site "Aix-les-Bains FRA"]
[Date "2011.03.31"]
[Round "9.65"]
[White "Gutov, Andrey"]
[Black "Balogh, Csaba"]
[Result "0-1"]
[WhiteElo "2445"]
[BlackElo "2601"]
[EventDate "2011.03.22"]
[PlyCount "78"]

1.c4 e5 2.Nc3 Nf6 3.g3 Bb4 4.Bg2 O-O 5.e4 Nc6 6.Nge2 d6 7.O-O Bc5 8.d3 a6 
9.h3 Rb8 10.Kh2 b5 11.f4 bxc4 12.dxc4 Nd4 13.Nxd4 Bxd4 14.Ne2 c5 15.f5 Bb7
16.Qc2 Bc6 17.Rb1 a5 18.g4 h6 19.Bd2 a4 20.b4 cxb4 21.Nxd4 exd4 22.Rxb4 
Re8 23.Rxb8 Qxb8 24.Qd3 Bxe4 25.Qxd4 Bxg2 26.Kxg2 Qb7+ 27.Kg1 Re2 28.Rf2 
Qb1+ 29.Kg2 Rxf2+ 30.Kxf2 Qxa2 31.Ke3 Qb1 32.Qd3 Qg1+ 33.Ke2 Qg2+ 34.Kd1 
Ne4 35.Be3 a3 36.Qxa3 Qf1+ 37.Kc2 Qxc4+ 38.Kb2 Qe2+ 39.Kb1 d5 0-1

[Event "12th EUR-ch"]
[Site "Aix-les-Bains FRA"]
[Date "2011.03.31"]
[Round "9.66"]
[White "Sermier, Guillaume"]
[Black "Kovacevic, Aleksandar"]
[Result "1/2-1/2"]
[WhiteElo "2428"]
[BlackElo "2598"]
[EventDate "2011.03.22"]
[PlyCount "39"]

1.d4 Nf6 2.Nf3 e6 3.c4 c5 4.d5 d6 5.Nc3 exd5 6.cxd5 g6 7.e4 a6 8.a4 Bg7 9.
h3 Nbd7 10.Bd3 Nh5 11.O-O Ne5 12.Nxe5 Bxe5 13.f4 Bd4+ 14.Kh2 Qh4 15.Qf3 
Nf6 16.Ne2 Ng4+ 17.Kh1 Nf2+ 18.Kh2 Ng4+ 19.Kh1 Nf2+ 20.Kh2 1/2-1/2

[Event "12th EUR-ch"]
[Site "Aix-les-Bains FRA"]
[Date "2011.03.31"]
[Round "9.67"]
[White "Brkic, Ante"]
[Black "Muzychuk, Anna"]
[Result "1/2-1/2"]
[WhiteElo "2592"]
[BlackElo "2528"]
[EventDate "2011.03.22"]
[PlyCount "101"]

1.e4 d5 2.exd5 Nf6 3.Nf3 Nxd5 4.d4 g6 5.c4 Nb6 6.Nc3 Bg7 7.c5 Nd5 8.Bc4 c6
9.O-O Be6 10.Ng5 Nxc3 11.Nxe6 Nxd1 12.Nxd8 Nxb2 13.Bxb2 Kxd8 14.Bxf7 Na6 
15.Rad1 Kd7 16.Rfe1 Nc7 17.Re2 Rhf8 18.Bb3 Nd5 19.Rde1 Rae8 20.g3 b6 21.
cxb6 axb6 22.Kg2 Bf6 23.h4 Ra8 24.Rh1 Ra5 25.f4 Rb5 26.Rhe1 Ra8 27.Kf3 Rb4
28.Rd1 Rb5 29.g4 Bxh4 30.g5 h6 31.gxh6 Rf8 32.Bxd5 Rxd5 33.Rg1 Rh5 34.Rxg6
Rf6 35.Kg4 Rxh6 36.Rg7 Re6 37.Rxe6 Kxe6 38.f5+ Kd5 39.Bc1 Rh8 40.Bg5 Bxg5 
41.Kxg5 Kd6 42.Rg6+ Kd7 43.d5 cxd5 44.Rxb6 Ra8 45.Kf4 Rxa2 46.Ke5 Rd2 47.
Rb7+ Ke8 48.Rb5 Kf7 49.Rxd5 Rxd5+ 50.Kxd5 Kf6 51.Ke4 1/2-1/2

[Event "12th EUR-ch"]
[Site "Aix-les-Bains FRA"]
[Date "2011.03.31"]
[Round "9.68"]
[White "Kreisl, Robert"]
[Black "Buhmann, Rainer"]
[Result "1/2-1/2"]
[WhiteElo "2394"]
[BlackElo "2590"]
[EventDate "2011.03.22"]
[PlyCount "56"]

1.Nf3 d5 2.d4 Nf6 3.c4 c6 4.Nc3 e6 5.Bg5 h6 6.Bxf6 Qxf6 7.e3 Nd7 8.Bd3 
dxc4 9.Bxc4 g6 10.O-O Bg7 11.e4 e5 12.d5 Nb6 13.Bb3 Bg4 14.Rc1 Rd8 15.h3 
Bxf3 16.Qxf3 Qxf3 17.gxf3 cxd5 18.Nxd5 Nxd5 19.Bxd5 Rd7 20.Rc3 Ke7 21.Rfc1
Rhd8 22.Rc7 b6 23.Kf1 Bf6 24.Ke2 Bg5 25.R1c6 Rxc7 26.Rxc7+ Rd7 27.Rxd7+ 
Kxd7 28.Bxf7 a5 1/2-1/2

[Event "12th EUR-ch"]
[Site "Aix-les-Bains FRA"]
[Date "2011.03.31"]
[Round "9.69"]
[White "Mastrovasilis, Dimitrios"]
[Black "Cmilyte, Viktorija"]
[Result "1/2-1/2"]
[WhiteElo "2584"]
[BlackElo "2526"]
[EventDate "2011.03.22"]
[PlyCount "72"]

1.Nf3 g6 2.g3 Bg7 3.Bg2 c5 4.O-O Nc6 5.c3 d5 6.d4 cxd4 7.cxd4 Nf6 8.Ne5 
O-O 9.Nc3 e6 10.Nxc6 bxc6 11.Bf4 Nd7 12.Na4 Ba6 13.Qd2 Bb5 14.Nc3 Qb6 15.
Rfd1 Rfc8 16.Rac1 a5 17.Rc2 a4 18.Nxb5 cxb5 19.e3 h6 20.Rdc1 Rxc2 21.Rxc2 
b4 22.Qc1 b3 23.Rc6 a3 24.Rxb6 axb2 25.Qxb2 bxa2 26.Rb7 a1=Q+ 27.Qxa1 
Rxa1+ 28.Bf1 Nf6 29.f3 g5 30.Be5 g4 31.Bxf6 Bxf6 32.f4 Kg7 33.Kf2 h5 34.
Bb5 Ra2+ 35.Kg1 Ra1+ 36.Kf2 Ra2+ 1/2-1/2

[Event "12th EUR-ch"]
[Site "Aix-les-Bains FRA"]
[Date "2011.03.31"]
[Round "9.70"]
[White "Terrieux, Kevin"]
[Black "Mikhalevski, Victor"]
[Result "1/2-1/2"]
[WhiteElo "2422"]
[BlackElo "2584"]
[EventDate "2011.03.22"]
[PlyCount "111"]

1.d4 Nf6 2.c4 g6 3.Nc3 d5 4.cxd5 Nxd5 5.Bd2 Nb6 6.Nf3 Bg7 7.e4 O-O 8.Be3 
Bg4 9.Be2 Nc6 10.d5 Bxf3 11.gxf3 Na5 12.Bd4 Qd6 13.Bxg7 Kxg7 14.Rc1 Qb4 
15.Qd2 c5 16.Nb1 Rac8 17.O-O e6 18.dxe6 Qxd2 19.Nxd2 fxe6 20.Rfd1 Rfd8 21.
Nf1 Rxd1 22.Rxd1 Nc6 23.Ne3 Nd4 24.Kf1 Rf8 25.Rd3 a5 26.Ra3 a4 27.Rc3 Nd7 
28.Nc2 e5 29.Nxd4 exd4 30.Ra3 Nb6 31.b3 g5 32.bxa4 c4 33.a5 Ra8 34.Ke1 d3 
35.Bd1 Kf6 36.Kd2 Nd7 37.Kc3 Ne5 38.Ra4 h6 39.Rb4 Rxa5 40.a4 b5 41.Rxb5 
Rxb5 42.axb5 Ke7 43.h4 Kd6 44.hxg5 hxg5 45.Kd4 Kc7 46.Kc3 Kb6 47.Kb4 Kb7 
48.Kc3 Kc7 49.Kb4 Kb6 50.Ba4 Ka7 51.Bd1 Kb7 52.Kc3 Kb6 53.Kb4 d2 54.Bc2 
Nxf3 55.Kxc4 Ne5+ 56.Kc3 1/2-1/2

[Event "12th EUR-ch"]
[Site "Aix-les-Bains FRA"]
[Date "2011.03.31"]
[Round "9.71"]
[White "Mamedov, Nidjat"]
[Black "Martinovic, Sasa"]
[Result "1/2-1/2"]
[WhiteElo "2583"]
[BlackElo "2504"]
[EventDate "2011.03.22"]
[PlyCount "84"]

1.e4 e6 2.d4 d5 3.Bd3 dxe4 4.Bxe4 Nf6 5.Bf3 c5 6.Ne2 Nc6 7.c3 cxd4 8.cxd4 
Be7 9.O-O O-O 10.Nbc3 Qd7 11.Qa4 Rd8 12.Bf4 Nb4 13.Qb3 Nbd5 14.Be5 b6 15.
Nxd5 Nxd5 16.Nf4 Nxf4 17.Bxa8 Ba6 18.Bf3 Bxf1 19.Rxf1 Ng6 20.Rd1 Bd6 21.
Bxd6 Qxd6 22.g3 Ne7 23.Be4 g6 24.f4 h5 25.Rd3 Rc8 26.Rd1 Kg7 27.a3 h4 28.
Qb5 f6 29.Qd3 Rd8 30.Kg2 Qd7 31.Rd2 Rh8 32.Qe2 b5 33.Kg1 a6 34.Kg2 Qd6 35.
Qd3 Rc8 36.Qe3 hxg3 37.hxg3 Rc4 38.Kf2 Kf7 39.Bb1 Rc1 40.Bc2 Nd5 41.Qe4 
Qc6 42.Re2 a5 1/2-1/2

[Event "12th EUR-ch"]
[Site "Aix-les-Bains FRA"]
[Date "2011.03.31"]
[Round "9.72"]
[White "Jones, Gawain"]
[Black "Gallagher, Joseph"]
[Result "1-0"]
[WhiteElo "2578"]
[BlackElo "2500"]
[EventDate "2011.03.22"]
[PlyCount "61"]

1.e4 c5 2.d3 g6 3.f4 Bg7 4.Nf3 Nc6 5.Be2 d5 6.O-O Nf6 7.e5 Nd7 8.c4 Nb6 9.
Be3 d4 10.Bf2 f6 11.Bg3 O-O 12.Nbd2 fxe5 13.Nxe5 Nxe5 14.fxe5 Nd7 15.Nf3 
Bh6 16.Qa4 Qb6 17.Rab1 Qe6 18.b4 b6 19.Nxd4 Be3+ 20.Kh1 Bxd4 21.Rxf8+ Kxf8
22.Rf1+ Kg7 23.Bf3 Qf5 24.Qc6 Rb8 25.e6 Ne5 26.Qc7 Nxf3 27.Qxe7+ Kh6 28.
Rxf3 Rb7 29.Qd8 Qxe6 30.Bf4+ Kg7 31.Be5+ 1-0

[Event "12th EUR-ch"]
[Site "Aix-les-Bains FRA"]
[Date "2011.03.31"]
[Round "9.73"]
[White "Raznikov, Danny"]
[Black "Shengelia, David"]
[Result "0-1"]
[WhiteElo "2384"]
[BlackElo "2573"]
[EventDate "2011.03.22"]
[PlyCount "96"]

1.d4 Nf6 2.c4 e6 3.Nf3 d5 4.g3 dxc4 5.Bg2 Nc6 6.Qa4 Bd7 7.Qxc4 Na5 8.Qd3 
c5 9.O-O Rc8 10.Nc3 cxd4 11.Nxd4 Bc5 12.Rb1 Bc6 13.Rd1 Bxg2 14.Qb5+ Nd7 
15.Kxg2 a6 16.Qd3 Nf6 17.Bg5 O-O 18.Nf3 Qxd3 19.Rxd3 Bb4 20.Bxf6 gxf6 21.
Kf1 Bxc3 22.bxc3 Rc7 23.Nd2 Rfc8 24.c4 Rb8 25.Ra3 Rd8 26.Rxa5 Rxd2 27.Rc1 
Rb2 28.Ke1 Kf8 29.c5 Ke7 30.f3 f5 31.Ra3 Rd7 32.c6 bxc6 33.Rd1 Ra7 34.Rd4 
c5 35.Rh4 Rd7 36.Rc4 Rdd2 37.Re3 Kd6 38.Ra4 Rxa2 39.Rxa6+ Rxa6 40.Kxd2 
Ra2+ 41.Kc1 c4 42.Kb1 Ra4 43.g4 f4 44.Re4 e5 45.e3 fxe3 46.Rxe3 Kd5 47.Kb2
Rb4+ 48.Kc2 Rb3 0-1

[Event "12th EUR-ch"]
[Site "Aix-les-Bains FRA"]
[Date "2011.03.31"]
[Round "9.74"]
[White "Papin, Vasily"]
[Black "Can, Emre"]
[Result "1-0"]
[WhiteElo "2569"]
[BlackElo "2487"]
[EventDate "2011.03.22"]
[PlyCount "93"]

1.d4 Nf6 2.c4 g6 3.g3 Bg7 4.Bg2 O-O 5.Nc3 d6 6.Nf3 Nc6 7.O-O Bf5 8.d5 Na5 
9.Nd2 c6 10.b4 Nxc4 11.Nxc4 Nxd5 12.Nxd5 Bxa1 13.Bh6 Bg7 14.Bxg7 Kxg7 15.
Nde3 Be6 16.Na5 Qb6 17.Qd2 Rac8 18.a3 Rfd8 19.Rd1 f6 20.h4 Qb5 21.Nc2 Bf7 
22.Nd4 Qb6 23.Bh3 c5 24.Ne6+ Bxe6 25.Bxe6 Rc7 26.e4 Qa6 27.Nb3 b6 28.Rc1 
Qxa3 29.Nd4 Rb7 30.Bd5 Rbb8 31.Ne6+ Kh8 32.Nxd8 Rxd8 33.b5 a5 34.Qh6 Qf3 
35.Re1 Qh5 36.Qd2 Kg7 37.Kg2 Qg4 38.Bc4 Qh5 39.f4 Kh8 40.Be2 Qh6 41.Qd5 
Qf8 42.Bc4 Ra8 43.h5 Re8 44.hxg6 hxg6 45.Rh1+ Kg7 46.f5 a4 47.fxg6 1-0

[Event "12th EUR-ch"]
[Site "Aix-les-Bains FRA"]
[Date "2011.03.31"]
[Round "9.75"]
[White "Miedema, David"]
[Black "Stefansson, Hannes"]
[Result "0-1"]
[WhiteElo "2380"]
[BlackElo "2557"]
[EventDate "2011.03.22"]
[PlyCount "74"]

1.d4 d5 2.c4 c6 3.Nc3 Nf6 4.e3 e6 5.Nf3 Nbd7 6.Bd3 dxc4 7.Bxc4 b5 8.Be2 
Bb7 9.O-O Be7 10.e4 b4 11.e5 bxc3 12.exf6 Bxf6 13.bxc3 c5 14.dxc5 O-O 15.
Ba3 Be7 16.Qd4 Qc7 17.Rab1 Bc6 18.Bb5 Rfd8 19.Bxc6 Qxc6 20.Ne5 Nxe5 21.
Qxe5 Rac8 22.c4 Rd2 23.Qe3 Rc2 24.Qb3 Rd2 25.Qb7 Qe8 26.Bc1 Rd7 27.c6 Rdc7
28.Be3 a5 29.Rb5 Rxb7 30.cxb7 Rb8 31.Rfb1 Bb4 32.Rb6 Qe7 33.c5 Rxb7 34.c6 
Rxb6 35.Bxb6 Bd6 36.Bxa5 Qa7 37.Bd8 Qxa2 0-1

[Event "12th EUR-ch"]
[Site "Aix-les-Bains FRA"]
[Date "2011.03.31"]
[Round "9.76"]
[White "Getz, Nicolai"]
[Black "Sedlak, Nikola"]
[Result "0-1"]
[WhiteElo "2333"]
[BlackElo "2556"]
[EventDate "2011.03.22"]
[PlyCount "83"]

1.e4 c5 2.Nf3 d6 3.d4 cxd4 4.Nxd4 Nf6 5.Nc3 a6 6.Be3 Nc6 7.Qd2 Ng4 8.Bg5 
h6 9.Bh4 g5 10.Bg3 Bg7 11.Nb3 b5 12.Rb1 Nge5 13.Nd5 f5 14.exf5 Bxf5 15.Ne3
Bg6 16.h4 e6 17.hxg5 hxg5 18.Rxh8+ Bxh8 19.Rd1 d5 20.c3 Qe7 21.Qe2 Rd8 22.
Nc2 Kf7 23.Nbd4 Bf6 24.Nb4 Rc8 25.Bxe5 Nxe5 26.Nxa6 Rh8 27.Nb4 Rh1 28.Nbc6
Nxc6 29.Nxc6 Qd6 30.Qxb5 Be4 31.f3 Qg3+ 32.Kd2 Qf4+ 33.Ke1 g4 34.Ne5+ Bxe5
35.Qd7+ Kf6 36.Qd8+ Kg7 37.Qe7+ Kh8 38.Qe8+ Kh7 39.Qe7+ Bg7 40.Kf2 Bxf3 
41.Bd3+ Be4+ 42.Ke2 0-1

[Event "12th EUR-ch"]
[Site "Aix-les-Bains FRA"]
[Date "2011.03.31"]
[Round "9.77"]
[White "Serban, Vlad"]
[Black "Shimanov, Aleksandr"]
[Result "0-1"]
[WhiteElo "2287"]
[BlackElo "2550"]
[EventDate "2011.03.22"]
[PlyCount "83"]

1.e4 c6 2.c4 d5 3.exd5 cxd5 4.cxd5 Nf6 5.Bb5+ Nbd7 6.Nc3 g6 7.d4 Bg7 8.d6 
exd6 9.Qe2+ Kf8 10.Bf4 Nb6 11.Nf3 h6 12.O-O Kg8 13.Bg3 Kh7 14.Rfe1 Be6 15.
Ne4 Nxe4 16.Qxe4 a6 17.Bd3 Qd7 18.Qf4 Rhd8 19.h4 Nd5 20.Qd2 Nf6 21.Qa5 Kg8
22.Rac1 Rac8 23.Qa3 Bf8 24.b3 Bd5 25.Nd2 Qg4 26.Qb2 Rxc1 27.Rxc1 Nh5 28.
Nf1 Nxg3 29.Ne3 Qxh4 30.fxg3 Qxg3 31.Nxd5 Qxd3 32.Nf6+ Kg7 33.Qf2 Be7 34.
Rf1 Kh8 35.Kh1 Qb5 36.d5 Qb4 37.Re1 Bf8 38.Nh5 gxh5 39.Qf6+ Kh7 40.Qxf7+ 
Bg7 41.Re7 Qg4 42.Rxb7 0-1

[Event "12th EUR-ch"]
[Site "Aix-les-Bains FRA"]
[Date "2011.03.31"]
[Round "9.78"]
[White "Manolache, Marius"]
[Black "Libiszewski, Fabien"]
[Result "1-0"]
[WhiteElo "2546"]
[BlackElo "2481"]
[EventDate "2011.03.22"]
[PlyCount "83"]

1.d4 Nf6 2.c4 g6 3.Nc3 Bg7 4.e4 d6 5.Nf3 O-O 6.Be2 e5 7.O-O Na6 8.Re1 Qe8 
9.Bf1 Bg4 10.d5 Nb4 11.Be2 a5 12.Nh4 Bxe2 13.Qxe2 Nd7 14.a3 Na6 15.Rb1 
Nac5 16.b4 axb4 17.axb4 Na4 18.Nd1 c5 19.dxc6 bxc6 20.Rb3 Qe7 21.Rg3 Kh8 
22.Rh3 Rfb8 23.Bd2 Nf8 24.Ne3 Nb6 25.Nhf5 gxf5 26.Nxf5 Qf6 27.Bh6 Ne6 28.
Bxg7+ Nxg7 29.Rh6 Qd8 30.Nxd6 Ra7 31.Qf3 f5 32.exf5 Qg5 33.Qh3 Ne8 34.Nxe8
Rxe8 35.Rxc6 Nd7 36.Qd3 e4 37.Qd4+ Ne5 38.Re6 Rxe6 39.fxe6 Rg7 40.Qxe4 Ng6
41.g3 Qd2 42.Qa8+ 1-0

[Event "12th EUR-ch"]
[Site "Aix-les-Bains FRA"]
[Date "2011.03.31"]
[Round "9.79"]
[White "Doros, Radu-Marian"]
[Black "Markos, Jan"]
[Result "1/2-1/2"]
[WhiteElo "2278"]
[BlackElo "2546"]
[EventDate "2011.03.22"]
[PlyCount "42"]

1.e4 c5 2.Nf3 Nf6 3.Nc3 d5 4.exd5 Nxd5 5.Bb5+ Bd7 6.Ne5 Nf6 7.Qf3 Qc7 8.
Nxd7 Nbxd7 9.Qg3 O-O-O 10.Qxc7+ Kxc7 11.Be2 a6 12.d3 e6 13.Ne4 Be7 14.Bf4+
Kb6 15.Nxf6 Bxf6 16.O-O-O Be5 17.Bg5 Bf6 18.Bf4 h6 19.h4 g5 20.hxg5 Bxg5 
21.Bd2 Rdg8 1/2-1/2

[Event "12th EUR-ch"]
[Site "Aix-les-Bains FRA"]
[Date "2011.03.31"]
[Round "9.80"]
[White "Yakovich, Yuri"]
[Black "Goganov, Aleksey"]
[Result "0-1"]
[WhiteElo "2546"]
[BlackElo "2469"]
[EventDate "2011.03.22"]
[PlyCount "70"]

1.d4 Nf6 2.c4 e6 3.Nc3 Bb4 4.Qc2 O-O 5.e4 d5 6.e5 Ne4 7.Bd3 c5 8.Ne2 cxd4 
9.Nxd4 Nc5 10.Bxh7+ Kh8 11.Be3 dxc4 12.Be4 Qh4 13.Bf3 Nd3+ 14.Kf1 Nd7 15.
g3 Qd8 16.Bg2 N7xe5 17.Qe2 f5 18.h3 Qa5 19.Nc2 Bc5 20.Rb1 Bxe3 21.Nxe3 Qc5
22.f4 Nc6 23.b3 cxb3 24.Qxd3 Rd8 25.Qe2 Qxc3 26.Rxb3 Qc5 27.Kf2 Nd4 28.
Qh5+ Kg8 29.Rd1 Bd7 30.Rxb7 Rab8 31.Rxb8 Rxb8 32.Rd2 Qc3 33.Nf1 Rb1 34.Rd1
Qc2+ 35.Ke1 Qxg2 0-1

[Event "12th EUR-ch"]
[Site "Aix-les-Bains FRA"]
[Date "2011.03.31"]
[Round "9.81"]
[White "Gozzoli, Yannick"]
[Black "Javakhishvili, Lela"]
[Result "1/2-1/2"]
[WhiteElo "2543"]
[BlackElo "2437"]
[EventDate "2011.03.22"]
[PlyCount "29"]

1.d4 Nf6 2.c4 e6 3.Nf3 Bb4+ 4.Bd2 Bxd2+ 5.Qxd2 d5 6.Nc3 O-O 7.e3 Qe7 8.
cxd5 exd5 9.Bd3 c6 10.Qc2 Bg4 11.Ne5 Bh5 12.O-O Bg6 13.f4 Bxd3 14.Qxd3 
Nbd7 15.Rae1 1/2-1/2

[Event "12th EUR-ch"]
[Site "Aix-les-Bains FRA"]
[Date "2011.03.31"]
[Round "9.82"]
[White "Gritsak, Orest"]
[Black "Smirnov, Artem"]
[Result "1/2-1/2"]
[WhiteElo "2539"]
[BlackElo "2425"]
[EventDate "2011.03.22"]
[PlyCount "25"]

1.Nf3 c5 2.c4 Nc6 3.d4 cxd4 4.Nxd4 Nf6 5.g3 e6 6.Bg2 Bc5 7.Nb3 Be7 8.Nc3 
O-O 9.Bf4 b6 10.Rc1 Ba6 11.Nb5 d5 12.Nc7 Bxc4 13.Nxa8 1/2-1/2

[Event "12th EUR-ch"]
[Site "Aix-les-Bains FRA"]
[Date "2011.03.31"]
[Round "9.83"]
[White "Romanishin, Oleg"]
[Black "Rindlisbacher, Jan"]
[Result "1-0"]
[WhiteElo "2530"]
[BlackElo "2198"]
[EventDate "2011.03.22"]
[PlyCount "83"]

1.Nf3 Nf6 2.g3 g6 3.Bg2 Bg7 4.c4 O-O 5.O-O d6 6.d4 Nbd7 7.Nc3 e5 8.e4 a6 
9.dxe5 dxe5 10.Be3 c6 11.h3 Qe7 12.Qc2 Ne8 13.Rad1 Nc7 14.c5 f5 15.b4 f4 
16.Bc1 g5 17.Rd6 Kh8 18.Rfd1 Nf6 19.Ne2 g4 20.hxg4 fxg3 21.Nxg3 Bxg4 22.
Nf5 Qe8 23.Nxg7 Kxg7 24.Bb2 Bxf3 25.Bxf3 Nh5 26.Qc3 Kg8 27.Be2 Nf4 28.Bc4+
Ncd5 29.exd5 Rf5 30.dxc6+ Kf8 31.c7 Rg5+ 32.Kf1 Qh5 33.Rd8+ Kg7 34.R1d7+ 
Kh6 35.Rd6+ Kg7 36.R8d7+ Kh8 37.Rd8+ Kg7 38.R6d7+ Kh6 39.Rd6+ Kg7 40.R8d7+
Kh8 41.Qxe5+ Rxe5 42.Rh6 1-0

[Event "12th EUR-ch"]
[Site "Aix-les-Bains FRA"]
[Date "2011.03.31"]
[Round "9.84"]
[White "Houriez, Clement"]
[Black "Fedorchuk, Sergei"]
[Result "0-1"]
[WhiteElo "2252"]
[BlackElo "2662"]
[EventDate "2011.03.22"]
[PlyCount "53"]

1.d4 Nf6 2.c4 e6 3.Nf3 b6 4.a3 Bb7 5.Nc3 g6 6.d5 Bg7 7.e4 O-O 8.Be2 d6 9.
O-O Nbd7 10.Bg5 h6 11.Bh4 a6 12.Nd4 Qe8 13.Re1 e5 14.Nc2 Nc5 15.Bf3 Nb3 
16.Rb1 Nd7 17.g4 Bc8 18.Bg2 Nf6 19.Ne3 Nd4 20.Bg3 h5 21.h3 hxg4 22.hxg4 
Bh6 23.Bh4 Nh7 24.a4 Bd7 25.b4 Bg5 26.Bg3 Bxe3 27.fxe3 0-1

[Event "12th EUR-ch"]
[Site "Aix-les-Bains FRA"]
[Date "2011.03.31"]
[Round "9.85"]
[White "Tkachiev, Vladislav"]
[Black "Erdogdu, Mert"]
[Result "1-0"]
[WhiteElo "2646"]
[BlackElo "2423"]
[EventDate "2011.03.22"]
[PlyCount "65"]

1.d4 Nf6 2.c4 g6 3.g3 Bg7 4.Bg2 d5 5.Nf3 dxc4 6.Qa4+ c6 7.Qxc4 Be6 8.Qa4 
O-O 9.Nc3 Nbd7 10.O-O Bg4 11.Rd1 Bxf3 12.Bxf3 Qc7 13.Be3 e6 14.Rac1 Rfd8 
15.b4 a6 16.Qb3 Qd6 17.a4 Nb6 18.Bf4 Qe7 19.e4 Ne8 20.Be3 Nd7 21.d5 exd5 
22.exd5 Ne5 23.Bg2 cxd5 24.Nxd5 Qe6 25.Qb1 Rac8 26.Rxc8 Rxc8 27.Nf4 Qf6 
28.Bxb7 Rb8 29.Bg2 h5 30.Ba7 Rc8 31.b5 axb5 32.axb5 Nd6 33.b6 1-0

[Event "12th EUR-ch"]
[Site "Aix-les-Bains FRA"]
[Date "2011.03.31"]
[Round "9.86"]
[White "Houska, Jovanka"]
[Black "Sumets, Andrey"]
[Result "0-1"]
[WhiteElo "2419"]
[BlackElo "2610"]
[EventDate "2011.03.22"]
[PlyCount "92"]

1.d4 Nf6 2.Nf3 e6 3.c4 d5 4.cxd5 exd5 5.Qc2 Nc6 6.a3 Bd6 7.Bg5 h6 8.Bxf6 
Qxf6 9.e3 Ne7 10.Nc3 c6 11.Bd3 Bg4 12.Nd2 Bc7 13.h3 Be6 14.Ne2 Nf5 15.
O-O-O O-O-O 16.Nb3 Kb8 17.Kb1 Bc8 18.Rc1 Rhe8 19.g4 Nd6 20.Nf4 Qe7 21.Ka1 
Ne4 22.f3 Ng5 23.Rcf1 Qxe3 24.Ng2 Qe7 25.h4 Ne6 26.f4 Bb6 27.Re1 Qd6 28.
Qf2 Nxd4 29.Nxd4 Qf6 30.Nxc6+ bxc6 31.Qg3 Bd4 32.Ka2 c5 33.Bb5 Qb6 34.f5+ 
Ka8 35.Qb3 Rxe1 36.Rxe1 c4 37.Qb4 Bb7 38.Nf4 Bf6 39.Re8 Bxh4 40.Qf8 a6 41.
Rxd8+ Qxd8 42.Be8 Bf6 43.Nh5 Be5 44.a4 g6 45.Ng7 Bxg7 46.Qxg7 Qxe8 0-1

[Event "12th EUR-ch"]
[Site "Aix-les-Bains FRA"]
[Date "2011.03.31"]
[Round "9.87"]
[White "Melkumyan, Hrant"]
[Black "Thorfinnsson, Bragi"]
[Result "1-0"]
[WhiteElo "2593"]
[BlackElo "2417"]
[EventDate "2011.03.22"]
[PlyCount "81"]

1.d4 d5 2.c4 c6 3.Nf3 Nf6 4.Nc3 a6 5.a4 g6 6.e3 Bg7 7.Be2 O-O 8.O-O a5 9.
Qb3 Na6 10.Bd2 e6 11.Rfd1 Re8 12.Be1 Nb4 13.Ne5 Qe7 14.Rac1 Nd7 15.Nd3 
dxc4 16.Qxc4 e5 17.d5 Nb6 18.Qc5 Qxc5 19.Nxc5 N4xd5 20.Nxd5 Nxd5 21.Bc4 b6
22.Ne4 Bg4 23.Rd2 Red8 24.Bb3 Rac8 25.Ng5 Bh6 26.h4 Bxg5 27.hxg5 Be6 28.f3
Ne7 29.Rxd8+ Rxd8 30.Bxe6 fxe6 31.Bc3 c5 32.Bxe5 Rd7 33.Rc4 Nc6 34.Bc3 e5 
35.f4 exf4 36.Rxf4 Rf7 37.Bf6 Kf8 38.Re4 Rc7 39.Re6 Kf7 40.Rd6 c4 41.e4 
1-0

[Event "12th EUR-ch"]
[Site "Aix-les-Bains FRA"]
[Date "2011.03.31"]
[Round "9.88"]
[White "Ftacnik, Lubomir"]
[Black "Zuger, Beat"]
[Result "1/2-1/2"]
[WhiteElo "2578"]
[BlackElo "2417"]
[EventDate "2011.03.22"]
[PlyCount "70"]

1.Nf3 Nf6 2.c4 g6 3.Nc3 Bg7 4.e4 d6 5.d4 Bg4 6.Be2 Nfd7 7.Be3 O-O 8.Rc1 e5
9.d5 a5 10.a3 Na6 11.Rb1 f5 12.b4 Bf6 13.O-O Kh8 14.Re1 Qe7 15.h3 Bh5 16.
Qc2 f4 17.Bd2 g5 18.Nh4 gxh4 19.Bxh5 axb4 20.axb4 Rg8 21.Bf3 c5 22.bxc5 
Ndxc5 23.Kf1 Qf8 24.Ne2 Bd8 25.Bc3 Rg7 26.Rb5 Qf6 27.Reb1 Bc7 28.Ng1 Rag8 
29.Qe2 Bb8 30.Ke1 Ba7 31.Kd1 h6 32.Kc2 Nc7 33.Ra5 N7a6 34.Rab5 Nc7 35.Ra5 
N7a6 1/2-1/2

[Event "12th EUR-ch"]
[Site "Aix-les-Bains FRA"]
[Date "2011.03.31"]
[Round "9.89"]
[White "Kozul, Zdenko"]
[Black "Nedilko, Vasily"]
[Result "1-0"]
[WhiteElo "2568"]
[BlackElo "2413"]
[EventDate "2011.03.22"]
[PlyCount "71"]

1.d4 Nf6 2.c4 g6 3.Nc3 d5 4.Nf3 Bg7 5.cxd5 Nxd5 6.e4 Nxc3 7.bxc3 c5 8.Rb1 
O-O 9.Be2 cxd4 10.cxd4 Qa5+ 11.Bd2 Qxa2 12.O-O Bg4 13.Bg5 h6 14.Be3 Nc6 
15.d5 Bxf3 16.gxf3 Na5 17.Rb4 b6 18.Ba6 Qa3 19.Rb1 Rfd8 20.Qc1 Qd6 21.Bf4 
Qf6 22.Qe3 e6 23.e5 Qf5 24.d6 Rab8 25.Bd3 Qh5 26.Bg3 Nb7 27.Rb4 Qg5 28.f4 
Qh5 29.Rfb1 Na5 30.Ba6 g5 31.fxg5 Qxg5 32.Qe2 h5 33.Kh1 Nc6 34.Re4 b5 35.
Bh4 Qf5 36.Rxb5 1-0